000 00509nam a2200157Ia 4500
003 GCL
008 140319s9999 xx 000 0 ara d
040 _aGCL /
_cGCL
082 0 4 _a741.5
_bب د
100 1 _aبهجت عثمان
245 1 0 _aالدكتاتورية للمبتدئين بهجاتوس رئيس بهجاتيا العظمى /
_cبهجت عثمان
490 _aالهيئة العامة للاستعلامات
_v0
650 0 4 _aالرسم
650 0 4 _aالكاريكاتير
942 _2ddc
_cBK
999 _c46788
_d46788